[Event "Ruhrgebiet Verbandsliga Gruppe 1 1819"]
[Site "Nordrheinwestfalen"]
[Date "2019.01.20"]
[Round "5.8"]
[White "Kauder, Hartmut"]
[Black "Pappert, Thomas"]
[Result "1-0"]
[WhiteElo "2089"]
[BlackElo "1766"]
[PlyCount "59"]
[EventDate "2018.09.23"]
[EventType "team-tourn"]
[EventRounds "9"]
[EventCountry "GER"]
[SourceTitle "EXT 2022"]
[Source "ChessBase"]
[SourceDate "2021.10.06"]
[SourceVersion "1"]
[SourceVersionDate "2021.10.06"]
[SourceQuality "1"]
[WhiteTeam "Hamm Koenigsspringer"]
[BlackTeam "Bochum-Linden"]
[WhiteTeamCountry "GER"]
[BlackTeamCountry "GER"]

1. c4 c5 2. Nc3 Nc6 3. g3 e5 4. Bg2 d6 5. e3 f5 6. Nge2 Nf6 7. 0-0 Be7 8. d4 0-0 9. b3 a6 10. Bb2 Rb8 11. Nd5 Bd7 12. dxc5 dxc5 13. Qd2 Be6 14. Rfd1 e4 15. Nef4 Bf7 16. Qc3 Qe8 17. Nxe7+ Nxe7 18. Rd6 Bh5 19. Ne6 Rf7 20. Nxg7 Kxg7 21. Rxf6 Kf8 22. Re6 Qd7 23. Qh8+ Ng8 24. Re5 Qc6 25. Rd5 Re8 26. Rxf5 Qg6 27. Rxc5 Rd8 28. Ba3 Ke8 29. Bxe4 Qg4 30. Qe5+ 1-0

[Event "Ruhrgebiet Verbandsliga Gruppe 1 1819"]
[Site "Nordrheinwestfalen"]
[Date "2018.11.04"]
[Round "3.8"]
[White "Kauder, Hartmut"]
[Black "Butschek, Gerhard"]
[Result "1-0"]
[WhiteElo "2089"]
[BlackElo "1680"]
[PlyCount "131"]
[EventDate "2018.09.23"]
[EventType "team-tourn"]
[EventRounds "9"]
[EventCountry "GER"]
[SourceTitle "EXT 2022"]
[Source "ChessBase"]
[SourceDate "2021.10.06"]
[SourceVersion "1"]
[SourceVersionDate "2021.10.06"]
[SourceQuality "1"]
[WhiteTeam "Hamm Koenigsspringer"]
[BlackTeam "Bochum SG III"]
[WhiteTeamCountry "GER"]
[BlackTeamCountry "GER"]

1. c4 b6 2. Nc3 Bb7 3. e4 e5 4. Nge2 Nf6 5. d3 Nc6 6. g3 h5 7. h3 g6 8. Bg2 Bh6 9. Bxh6 Rxh6 10. Qd2 Ng8 11. 0-0 g5 12. Nd5 Rg6 13. Kh2 Nf6 14. Ne3 Ne7 15. f3 d6 16. d4 Qd7 17. Rad1 g4 18. dxe5 gxf3 19. Bxf3 Nxe4 20. Qc2 Nf5 21. Ng2 Nfxg3 22. Ngf4 Rg5 23. Nxg3 Nxg3 24. Bxb7 Nxf1+ 25. Rxf1 Rb8 26. Bf3 dxe5 27. Nxh5 Qd6 28. Bg4 Rd8 29. Nf6+ Ke7 30. Nd5+ Kf8 31. Rf6 Qc5 32. Qh7 Rg7 33. Qh8+ Rg8 34. Qh6+ Rg7 35. Rxf7+ Kxf7 36. Be6+ Ke8 37. Qxg7 Qf2+ 38. Qg2 Qxg2+ 39. Kxg2 c6 40. Nb4 Rd2+ 41. Kf3 Rxb2 42. Nxc6 Rxa2 43. Nxe5 Ke7 44. Bg4 Kd6 45. Ke4 a5 46. h4 Rh2 47. h5 a4 48. Nd3 a3 49. Nc1 Rc2 50. Nb3 Rxc4+ 51. Kf5 Rb4 52. h6 Rxb3 53. h7 Rb5+ 54. Kf4 Rb4+ 55. Kg3 a2 56. h8Q Ra4 57. Qa1 b5 58. Be2 Ra3+ 59. Kf4 Ra4+ 60. Kf5 Kc5 61. Qe5+ Kb4 62. Qxb5+ Ka3 63. Qd3+ Kb2 64. Qd2+ Kb3 65. Bd1+ Kc4 66. Qc2+ 1-0

[Event "Ruhrgebiet Regionalliga 1718"]
[Site "Germany"]
[Date "2018.02.11"]
[Round "6.5"]
[White "Kauder, Hartmut"]
[Black "Poetter, Clemens"]
[Result "0-1"]
[WhiteElo "2127"]
[BlackElo "1983"]
[PlyCount "156"]
[EventDate "2017.10.01"]
[EventType "team-tourn"]
[EventRounds "9"]
[EventCountry "GER"]
[SourceTitle "EXT 2022"]
[Source "ChessBase"]
[SourceDate "2021.10.06"]
[SourceVersion "1"]
[SourceVersionDate "2021.10.06"]
[SourceQuality "1"]
[WhiteTeam "Hamm Koenigsspringer"]
[BlackTeam "Borbeck Weisse Dame"]
[WhiteTeamCountry "GER"]
[BlackTeamCountry "GER"]

1. c4 c6 2. Nf3 d5 3. b3 Nf6 4. Bb2 Bf5 5. g3 Nbd7 6. Bg2 e6 7. Nh4 Bg4 8. h3 Bh5 9. g4 Bg6 10. d3 Bd6 11. Nd2 0-0 12. Nxg6 hxg6 13. e3 dxc4 14. Nxc4 Bb4+ 15. Ke2 Qc7 16. a3 Be7 17. Rc1 e5 18. Qc2 Rfe8 19. Rhd1 Rad8 20. b4 Bf8 21. Na5 a6 22. Kf1 Re6 23. Kg1 Nb6 24. g5 Nfd5 25. h4 Ree8 26. Qe2 Na4 27. Ba1 Nab6 28. Qg4 Nc8 29. Nc4 Ncb6 30. Na5 Nc8 31. Qg3 Bd6 32. Nc4 Qe7 33. Be4 Ncb6 34. Nxb6 Nxb6 35. h5 gxh5 36. g6 Rf8 37. gxf7+ Qxf7 38. Bg6 Qf6 39. Bxh5 Nd5 40. Rc4 Ne7 41. Rg4 Nf5 42. Qh3 Nh6 43. Rg2 Qf5 44. Qg3 Rd7 45. Bg6 Qe6 46. Be4 Rf6 47. Rf1 Nf5 48. Qg5 Rdf7 49. Re1 Be7 50. f4 Rh6 51. Qg4 Nh4 52. Qxe6 Rxe6 53. Rg4 exf4 54. exf4 Nf3+ 55. Kf2 Nxe1 56. Kxe1 Bf6 57. f5 Rd6 58. Bxf6 Rfxf6 59. Ke2 Rh6 60. Rg2 Kf7 61. Kd2 Rh4 62. Kc3 Rdh6 63. Kc4 Rh2 64. a4 Rxg2 65. Bxg2 Rh2 66. Be4 Rc2+ 67. Kb3 Rc1 68. Kb2 Re1 69. Kc3 Ke7 70. b5 axb5 71. axb5 cxb5 72. Bxb7 Kd6 73. Kd4 Rc1 74. Bd5 Rc5 75. Be6 Re5 76. Bc8 b4 77. Ba6 Ra5 78. Bc8 b3 0-1

[Event "Ruhrgebiet Regionalliga 1718"]
[Site "Germany"]
[Date "2018.01.21"]
[Round "5.4"]
[White "Kauder, Hartmut"]
[Black "Buschmann, Andreas"]
[Result "1-0"]
[WhiteElo "2127"]
[BlackElo "2017"]
[PlyCount "113"]
[EventDate "2017.10.01"]
[EventType "team-tourn"]
[EventRounds "9"]
[EventCountry "GER"]
[SourceTitle "EXT 2022"]
[Source "ChessBase"]
[SourceDate "2021.10.06"]
[SourceVersion "1"]
[SourceVersionDate "2021.10.06"]
[SourceQuality "1"]
[WhiteTeam "Hamm Koenigsspringer"]
[BlackTeam "Horst Emscher"]
[WhiteTeamCountry "GER"]
[BlackTeamCountry "GER"]

1. d4 Nf6 2. c4 g6 3. Nc3 Bg7 4. e4 d6 5. g3 0-0 6. Bg2 e5 7. Nge2 Nc6 8. 0-0 a6 9. d5 Ne7 10. f3 Ne8 11. Be3 h6 12. Qd2 Kh7 13. b4 f5 14. Rac1 g5 15. Bf2 f4 16. c5 Ng6 17. c6 b6 18. Kh1 h5 19. Rg1 Nf6 20. gxf4 gxf4 21. Qe1 Ng8 22. Nd1 Bf6 23. Qf1 Nh6 24. Bh3 Rg8 25. Be1 Nf7 26. Bf5 Bxf5 27. exf5 Ne7 28. Qh3 Rxg1+ 29. Nxg1 Nh6 30. Qxh5 Nexf5 31. Nf2 Qe8 32. Qh3 Qg6 33. Ne4 Rg8 34. Ne2 Be7 35. Bf2 Qf7 36. N2c3 Bd8 37. Rg1 Rxg1+ 38. Kxg1 Kg7 39. Kf1 Qg6 40. Ke2 Nf7 41. Qg4 N7h6 42. Qxg6+ Kxg6 43. b5 a5 44. Kd3 Nf7 45. Na4 Ng5 46. Nd2 Ne7 47. Nc3 Kf5 48. Ke2 Ng6 49. h4 Nh7 50. h5 Ne7 51. Nde4 Ng8 52. Bxb6 cxb6 53. Nxd6+ Kf6 54. Nb7 Bc7 55. d6 Bxd6 56. Nxd6 Ke6 57. Nc4 1-0

[Event "Ruhrgebiet Verbandsliga Gruppe 2 1617"]
[Site "Germany"]
[Date "2016.10.30"]
[Round "3.4"]
[White "Pilat, Fabian"]
[Black "Kauder, Hartmut"]
[Result "0-1"]
[WhiteElo "1963"]
[BlackElo "2119"]
[PlyCount "148"]
[EventDate "2016.09.04"]
[EventType "team-tourn"]
[EventRounds "9"]
[EventCountry "GER"]
[SourceTitle "EXT 2022"]
[Source "ChessBase"]
[SourceDate "2021.10.06"]
[SourceVersion "1"]
[SourceVersionDate "2021.10.06"]
[SourceQuality "1"]
[WhiteTeam "Bochum SG III"]
[BlackTeam "Hamm Koenigsspringer"]
[WhiteTeamCountry "GER"]
[BlackTeamCountry "GER"]

1. d4 f5 2. Nf3 Nf6 3. g3 g6 4. Bg2 Bg7 5. 0-0 0-0 6. c4 d6 7. Nc3 c6 8. Qc2 Qc7 9. e4 e5 10. Re1 exd4 11. Nxd4 Nxe4 12. Bxe4 Bxd4 13. Bg2 Be5 14. Bh6 Bg7 15. Bf4 Na6 16. Rad1 Be5 17. Bh6 Re8 18. Qd2 Bd7 19. Ne2 Nc5 20. Nf4 Ne4 21. Bxe4 fxe4 22. Rxe4 Bf5 23. Re3 Qf7 24. b3 Rad8 25. Kg2 Qf6 26. h4 Qf7 27. Rde1 Bd7 28. Nh3 c5 29. Ng5 Bc6+ 30. Kg1 Qf5 31. Qe2 Qd7 32. Kh2 Bd4 33. Rxe8+ Rxe8 34. Qxe8+ Qxe8 35. Rxe8+ Bxe8 36. Ne4 Bc6 37. Nxd6 Bxf2 38. Bf4 Kf8 39. Kh3 Bf3 40. Bh6+ Kg8 41. Bf4 a6 42. a3 Kf8 43. Nc8 h5 44. Nb6 Ke7 45. Bd2 Ke6 46. Bc3 Kf5 47. Nd7 Ke4 48. Ne5 Bd4 49. Nxf3 Kxf3 50. Ba5 Ke4 51. Bb6 Kd3 52. g4 Kc3 53. b4 Kxc4 54. bxc5 Bxc5 55. Bxc5 Kxc5 56. Kg3 b5 57. Kf4 a5 58. gxh5 gxh5 59. Kg5 b4 60. axb4+ axb4 61. Kxh5 b3 62. Kg5 b2 63. h5 b1Q 64. h6 Kd6 65. Kf6 Qh7 66. Kg5 Ke5 67. Kg4 Qxh6 68. Kf3 Qh3+ 69. Ke2 Kd4 70. Kf2 Ke4 71. Kg1 Kf4 72. Kf2 Qh2+ 73. Ke1 Ke3 74. Kd1 Qd2# 0-1

[Event "Ruhrgebiet Verbandsliga Gruppe 2 1617"]
[Site "Germany"]
[Date "2016.09.04"]
[Round "1.4"]
[White "Foerster, Wolfgang"]
[Black "Kauder, Hartmut"]
[Result "1-0"]
[WhiteElo "1949"]
[BlackElo "2119"]
[PlyCount "129"]
[EventDate "2016.09.04"]
[EventType "team-tourn"]
[EventRounds "9"]
[EventCountry "GER"]
[SourceTitle "EXT 2022"]
[Source "ChessBase"]
[SourceDate "2021.10.06"]
[SourceVersion "1"]
[SourceVersionDate "2021.10.06"]
[SourceQuality "1"]
[WhiteTeam "Sodingen/Castrop SK II"]
[BlackTeam "Hamm Koenigsspringer"]
[WhiteTeamCountry "GER"]
[BlackTeamCountry "GER"]

1. e4 c5 2. Nc3 Nc6 3. g3 g6 4. Bg2 Bg7 5. d3 e6 6. Be3 d6 7. Qd2 Qa5 8. f4 Nge7 9. h4 h5 10. Nh3 0-0 11. 0-0 Rd8 12. f5 exf5 13. Bh6 Qb4 14. Bxg7 Kxg7 15. Nf4 Rh8 16. Kh2 Ne5 17. a3 Ng4+ 18. Kh1 Qd4 19. Nb5 Qf6 20. c4 Bd7 21. Nc3 Bc6 22. Rae1 Rae8 23. b4 b6 24. Nh3 Ba8 25. b5 Nh6 26. Ne2 Nc8 27. Nef4 Re5 28. Ng5 Rhe8 29. a4 R5e7 30. a5 Kg8 31. a6 Qg7 32. exf5 Bxg2+ 33. Kxg2 Nxf5 34. Nd5 Rxe1 35. Rxe1 Rxe1 36. Qxe1 Qe5 37. Qxe5 dxe5 38. Nf3 f6 39. Nxf6+ Kf7 40. Nd7 e4 41. dxe4 Ne3+ 42. Kf2 Nxc4 43. Nde5+ Nxe5 44. Nxe5+ Ke6 45. Nc6 Nd6 46. Nxa7 Nxe4+ 47. Ke3 Nd6 48. Nc6 Nxb5 49. a7 Nc7 50. Ke4 b5 51. Ne5 Kd6 52. Nxg6 b4 53. Nf4 Kc6 54. g4 Kb7 55. gxh5 b3 56. Kd3 Ne8 57. Kc3 Nf6 58. Kxb3 Kxa7 59. h6 Kb7 60. Ne6 Kc6 61. Kc4 Kd6 62. Ng5 Ke5 63. h7 Nxh7 64. Nxh7 Kf5 65. Ng5 1-0

[Event "Ruhrgebiet Verbandsliga Gruppe 1 1516"]
[Site "Germany"]
[Date "2015.09.27"]
[Round "2.5"]
[White "Kauder, Hartmut"]
[Black "Kreitling, Oliver"]
[Result "1-0"]
[WhiteElo "2112"]
[BlackElo "1864"]
[PlyCount "73"]
[EventDate "2015.09.06"]
[EventType "team-tourn"]
[EventRounds "9"]
[EventCountry "GER"]
[SourceTitle "EXT 2022"]
[Source "ChessBase"]
[SourceDate "2021.10.06"]
[SourceVersion "1"]
[SourceVersionDate "2021.10.06"]
[SourceQuality "1"]
[WhiteTeam "Hamm Koenigsspringer"]
[BlackTeam "Buer SF"]
[WhiteTeamCountry "GER"]
[BlackTeamCountry "GER"]

1. d4 d5 2. Nf3 e6 3. c4 Nf6 4. Nc3 Be7 5. Bg5 h6 6. Bh4 0-0 7. e3 Nbd7 8. Qc2 b6 9. Bd3 dxc4 10. Bxc4 Bb7 11. Rd1 Qc8 12. e4 Bb4 13. e5 Nd5 14. 0-0 Re8 15. Nxd5 exd5 16. Bd3 Be7 17. Rfe1 c5 18. e6 Nf8 19. exf7+ Kxf7 20. Ne5+ Kg8 21. Bf5 Qd8 22. Bg3 Bd6 23. Bg6 Nxg6 24. Qxg6 Qf6 25. Qd3 c4 26. Qc2 Re6 27. Re3 Bxe5 28. Bxe5 Qf8 29. Rg3 Rae8 30. f4 R8e7 31. Rf1 Qe8 32. f5 Rxe5 33. dxe5 Rxe5 34. f6 Re2 35. f7+ Qxf7 36. Rxf7 Rxc2 37. Rgxg7+ 1-0

[Event "Ruhrgebiet Regionalliga 1415"]
[Site "Germany"]
[Date "2014.10.26"]
[Round "2.5"]
[White "Kauder, Hartmut"]
[Black "Schaller, Torsten"]
[Result "1/2-1/2"]
[WhiteElo "2093"]
[BlackElo "2041"]
[PlyCount "198"]
[EventDate "2014.09.28"]
[EventType "team-tourn"]
[EventRounds "9"]
[EventCountry "GER"]
[SourceTitle "EXT 2022"]
[Source "ChessBase"]
[SourceDate "2021.10.06"]
[SourceVersion "1"]
[SourceVersionDate "2021.10.06"]
[SourceQuality "1"]
[WhiteTeam "Hamm Koenigsspringer"]
[BlackTeam "Welper SV"]
[WhiteTeamCountry "GER"]
[BlackTeamCountry "GER"]

1. c4 e5 2. g3 Nf6 3. Bg2 d5 4. cxd5 Nxd5 5. Nc3 Nb6 6. d3 Be7 7. Be3 Nc6 8. Nf3 0-0 9. Nd2 Be6 10. Bxc6 bxc6 11. f3 Nd5 12. Bf2 f5 13. Qa4 Qd7 14. Rc1 Nb6 15. Qa5 Bg5 16. Rc2 Rfe8 17. b3 Bf6 18. Na4 Nxa4 19. Qxa4 Bd5 20. 0-0 Bg5 21. Rd1 f4 22. Ne4 Be7 23. Nc3 Bf7 24. d4 fxg3 25. hxg3 Qf5 26. Rcd2 exd4 27. Rxd4 Bc5 28. R4d2 Bxf2+ 29. Kxf2 Qg5 30. e4 Qh6 31. Kg1 Qe3+ 32. Kg2 Qxc3 33. Rd3 Qf6 34. Qd4 Qxd4 35. Rxd4 Kf8 36. Rc1 Red8 37. Ra4 Rd2+ 38. Kh3 Be6+ 39. g4 Bd7 40. Kg3 Rd3 41. Kf2 Ke7 42. Ke2 Rd6 43. Ke3 Be6 44. g5 h5 45. gxh6 gxh6 46. f4 Bg4 47. e5 Rg6 48. Ra6 Kd7 49. Ke4 Rb8 50. Rxa7 Rb4+ 51. Rc4 Rxc4+ 52. bxc4 Be2 53. c5 h5 54. f5 Rg4+ 55. Ke3 Bc4 56. e6+ Bxe6 57. fxe6+ Kxe6 58. Rxc7 Kd5 59. Rh7 Rh4 60. Kf3 Kxc5 61. Kg3 Rg4+ 62. Kf3 Rg5 63. Kf4 Rd5 64. Ra7 Kb4 65. Ke4 Ra5 66. Rb7+ Kc4 67. Rh7 Rxa2 68. Rxh5 Re2+ 69. Kf3 Re6 70. Rh4+ Kb5 71. Rh1 Kc4 72. Rc1+ Kd3 73. Rd1+ Kc2 74. Rd4 Kc3 75. Rd1 Kb2 76. Rd2+ Kb3 77. Rd3+ Kc4 78. Rd1 c5 79. Rc1+ Kb5 80. Rb1+ Kc6 81. Rc1 Re5 82. Kf4 Re2 83. Kf3 Rd2 84. Ke3 Rd4 85. Rb1 Kd5 86. Ra1 Kc4 87. Rc1+ Kb5 88. Rb1+ Rb4 89. Rc1 Rb3+ 90. Kd2 Kb4 91. Rh1 Rb2+ 92. Kc1 Rb3 93. Kc2 Rg3 94. Rh2 c4 95. Rf2 Rg1 96. Rh2 Ra1 97. Kb2 Ra3 98. Rh8 Ra5 99. Rb8+ Rb5 1/2-1/2

[Event "Ruhrgebiet Regionalliga 1314"]
[Site "Ruhrgebiet"]
[Date "2013.09.22"]
[Round "1.5"]
[White "Kauder, Hartmut"]
[Black "Georg, Heinz"]
[Result "0-1"]
[WhiteElo "2070"]
[BlackElo "2146"]
[PlyCount "86"]
[EventDate "2013.09.22"]
[EventType "team-tourn"]
[EventRounds "9"]
[EventCountry "GER"]
[SourceTitle "EXT 2024"]
[Source "ChessBase"]
[SourceDate "2023.10.10"]
[SourceVersion "1"]
[SourceVersionDate "2023.10.10"]
[SourceQuality "1"]
[WhiteTeam "Koenigsspringer Hamm"]
[BlackTeam "Kamen"]
[WhiteTeamCountry "GER"]
[BlackTeamCountry "GER"]

1. d4 f5 2. Nc3 Nf6 3. Bg5 d5 4. Bxf6 exf6 5. e3 Nc6 6. a3 Be6 7. Qf3 Qd7 8. Bd3 g6 9. Nge2 Bf7 10. Nf4 0-0-0 11. h3 h5 12. 0-0-0 Kb8 13. h4 Bh6 14. g3 Rhe8 15. Kb1 Na5 16. b3 Bf8 17. Kb2 a6 18. Ra1 Ka7 19. Rhb1 b6 20. Qd1 c5 21. Bf1 Qc6 22. Qd2 Rd7 23. Bg2 c4 24. b4 Nb7 25. Kc1 g5 26. Nfe2 Qe6 27. Qd1 Bh6 28. Kb2 Rg8 29. Qh1 Qd6 30. Rg1 Nd8 31. Bf3 g4 32. Bg2 Re8 33. Rgb1 Kb8 34. Kc1 Ka7 35. Rb2 Kb8 36. Rab1 Ka7 37. Kd2 Kb8 38. Na4 c3+ 39. Nexc3 f4 40. gxf4 Bxf4 41. Nxb6 Qxb6 42. Nxd5 Bxd5 43. Bxd5 Qxd4+ 0-1

[Event "Ruhrgebiet Regionalliga 1213"]
[Site "Nordrheinwestfalen"]
[Date "2012.11.04"]
[Round "3.8"]
[White "Kauder, Hartmut"]
[Black "Wolf, Ulrich"]
[Result "1-0"]
[WhiteElo "2060"]
[BlackElo "2038"]
[PlyCount "81"]
[EventDate "2012.09.09"]
[EventType "team-tourn"]
[EventRounds "9"]
[EventCountry "GER"]
[SourceTitle "EXT 2020"]
[Source "ChessBase"]
[SourceDate "2019.10.17"]
[SourceVersion "1"]
[SourceVersionDate "2019.10.17"]
[SourceQuality "1"]
[WhiteTeam "Koenigsspringer Hamm"]
[BlackTeam "Wattenscheid SV III"]
[WhiteTeamCountry "GER"]
[BlackTeamCountry "GER"]

1. c4 c5 2. Nc3 b6 3. e4 d6 4. g3 Bb7 5. Bg2 e6 6. Nge2 a6 7. 0-0 Qc7 8. b3 Nf6 9. Bb2 e5 10. f4 Nc6 11. Nd5 Nxd5 12. exd5 Nd4 13. fxe5 dxe5 14. Nxd4 cxd4 15. Re1 0-0-0 16. Qe2 f6 17. a3 Kb8 18. b4 Qd7 19. Rac1 Rc8 20. Rc2 Ka7 21. Rec1 g6 22. c5 bxc5 23. bxc5 Bxd5 24. c6 Qe6 25. Bf1 Kb6 26. Qxa6+ Kc7 27. Qb7+ Kd8 28. Ba6 Bh6 29. Qb6+ Ke7 30. Qb7+ Kd8 31. a4 Bb3 32. Qb6+ Ke7 33. Ba3+ Kf7 34. Qb7+ Ke8 35. Qxc8+ Qxc8 36. Bxc8 Bxc2 37. Rxc2 Kd8 38. Ba6 Kc7 39. Bb4 Kb6 40. Bb5 e4 41. c7 1-0

[Event "Ruhrgebiet Verbandsliga1 1112"]
[Site "Nordrheinwestfalen"]
[Date "2012.03.25"]
[Round "8.5"]
[White "Kandyba, Andriy"]
[Black "Kauder, Hartmut"]
[Result "1-0"]
[WhiteElo "1941"]
[BlackElo "2128"]
[PlyCount "65"]
[EventDate "2012.09.18"]
[EventType "team-tourn"]
[EventRounds "9"]
[EventCountry "GER"]
[SourceTitle "EXT 2020"]
[Source "ChessBase"]
[SourceDate "2019.10.17"]
[SourceVersion "1"]
[SourceVersionDate "2019.10.17"]
[SourceQuality "1"]
[WhiteTeam "Bochum-Linden-Dahlhausen"]
[BlackTeam "Koenigsspringer Hamm"]
[WhiteTeamCountry "GER"]
[BlackTeamCountry "GER"]

1. d4 f5 2. Qd3 d6 3. g4 fxg4 4. h3 Nf6 5. hxg4 Bxg4 6. Nh3 Qd7 7. f3 Be6 8. Ng5 Bf5 9. e4 Bg6 10. Bh3 Qc6 11. Nc3 Na6 12. a3 Qb6 13. Bd2 c5 14. d5 Nc7 15. a4 Nd7 16. Nb5 a6 17. Nxc7+ Qxc7 18. Bc3 c4 19. Ne6 Qc8 20. Qe3 Rb8 21. a5 Bf7 22. Nxg7+ Bxg7 23. Bxg7 Rg8 24. Qh6 Qc5 25. 0-0-0 Qxa5 26. Be6 Nf8 27. Bxf7+ Kxf7 28. Bc3 Qc5 29. Qh5+ Rg6 30. Qf5+ Kg8 31. Rxh7 Qe3+ 32. Kb1 Kxh7 33. Rh1+ 1-0

[Event "Ruhrgebiet Regionalliga 0910"]
[Site "Germany"]
[Date "2009.11.08"]
[Round "3.5"]
[White "Bartel, Mario"]
[Black "Kauder, Hartmut"]
[Result "0-1"]
[WhiteElo "2143"]
[BlackElo "2180"]
[PlyCount "76"]
[EventDate "2009.09.06"]
[EventType "team-tourn"]
[EventRounds "9"]
[EventCountry "GER"]
[SourceTitle "EXT 2011"]
[Source "ChessBase"]
[SourceDate "2010.11.26"]
[SourceVersion "1"]
[SourceVersionDate "2010.11.26"]
[SourceQuality "1"]
[WhiteTeam "Wattenscheid III"]
[BlackTeam "Hamm Koenigsspringer"]
[WhiteTeamCountry "GER"]
[BlackTeamCountry "GER"]

1. e4 c5 2. Nf3 g6 3. d4 cxd4 4. Nxd4 Bg7 5. Be3 Nf6 6. Nc3 0-0 7. Be2 Nc6 8. 0-0 d5 9. exd5 Nb4 10. d6 Qxd6 11. Ncb5 Qb8 12. c4 a6 13. Nc3 e5 14. Nc2 Nc6 15. Nd5 Nd7 16. Qd2 Re8 17. Rfd1 Qd6 18. Nb6 Qxd2 19. Rxd2 Nxb6 20. Bxb6 Be6 21. b3 Rac8 22. Rad1 f5 23. f3 Kf7 24. Kf1 Bh6 25. Rd3 Bf8 26. R3d2 Nb4 27. Ne3 Bh6 28. Kf2 Nc6 29. g3 f4 30. gxf4 Bxf4 31. Rb2 h5 32. h4 Nd4 33. Bd3 Nf5 34. Bxf5 gxf5 35. Nd5 Bxd5 36. Rxd5 Ke6 37. Rb1 Rc6 38. c5 Kxd5 0-1

[Event "Ruhrgebiet Regionalliga 0708"]
[Site "Germany"]
[Date "2008.05.04"]
[Round "9.4"]
[White "Dewenter, Ulf"]
[Black "Kauder, Hartmut"]
[Result "1/2-1/2"]
[WhiteElo "2220"]
[BlackElo "2213"]
[PlyCount "79"]
[EventDate "2007.09.16"]
[EventType "team"]
[EventRounds "9"]
[EventCountry "GER"]
[SourceTitle "EXT 2009"]
[Source "ChessBase"]
[SourceDate "2008.11.26"]
[SourceVersion "1"]
[SourceVersionDate "2008.11.26"]
[SourceQuality "1"]
[WhiteTeam "Essen Borbeck"]
[BlackTeam "Hamm "]
[WhiteTeamCountry "GER"]
[BlackTeamCountry "GER"]

1. e4 c5 2. Nc3 Nc6 3. f4 e6 4. Nf3 d5 5. exd5 exd5 6. Bb5 Nf6 7. Ne5 Qb6 8. 0-0 Be7 9. Bxc6+ bxc6 10. Na4 Qc7 11. b3 Ba6 12. Re1 Bb5 13. Nb2 0-0 14. d3 Rfe8 15. c4 Ba6 16. Na4 Bd6 17. Bb2 d4 18. Ba3 Bxe5 19. fxe5 Rxe5 20. Rxe5 Qxe5 21. Nxc5 Bc8 22. Qe1 Qd6 23. Qg3 Qxg3 24. hxg3 Bf5 25. Re1 Re8 26. Rxe8+ Nxe8 27. Bb2 Nc7 28. Kf2 Ne6 29. Nxe6 fxe6 30. Bxd4 Bxd3 31. Bxa7 Bb1 32. a3 Ba2 33. b4 Bxc4 34. a4 Kf7 35. Bc5 e5 36. a5 Ke6 37. Bf8 g6 38. Ke3 Kf5 39. Bd6 h5 40. Be7 1/2-1/2

[Event "Ruhrgebiet Regionalliga 0708"]
[Site "Germany"]
[Date "2007.09.23"]
[Round "1.4"]
[White "Kauder, Hartmut"]
[Black "Kartsev, Soel"]
[Result "0-1"]
[WhiteElo "2213"]
[BlackElo "2232"]
[PlyCount "126"]
[EventDate "2007.09.16"]
[EventType "team"]
[EventRounds "9"]
[EventCountry "GER"]
[SourceTitle "EXT 2009"]
[Source "ChessBase"]
[SourceDate "2008.11.26"]
[SourceVersion "1"]
[SourceVersionDate "2008.11.26"]
[SourceQuality "1"]
[WhiteTeam "Hamm "]
[BlackTeam "Brackel"]
[WhiteTeamCountry "GER"]
[BlackTeamCountry "GER"]

1. c4 e5 2. Nc3 Nf6 3. Nf3 Nc6 4. g3 Bb4 5. Bg2 0-0 6. 0-0 e4 7. Ne1 Bxc3 8. dxc3 d6 9. Nc2 Be6 10. b3 Qd7 11. Bg5 Bh3 12. Bxf6 Bxg2 13. Kxg2 gxf6 14. f4 exf3+ 15. exf3 Rae8 16. f4 Re4 17. Rf2 Rfe8 18. Qd3 f5 19. Rd1 Qe6 20. Rdd2 a5 21. a4 b6 22. Qd5 Qd7 23. Qb5 R8e7 24. Rd3 Kg7 25. Kf3 Nb8 26. Nd4 Qxb5 27. cxb5 Kf6 28. Re2 Nd7 29. b4 Nc5 30. bxc5 bxc5 31. Rc2 cxd4 32. cxd4 h5 33. h3 Re1 34. Rdc3 Rf1+ 35. Rf2 Ra1 36. Rc4 Ra3+ 37. Kg2 Ree3 38. Rxc7 Rxg3+ 39. Kf1 Rxa4 40. b6 Rb3 41. Re2 Rxd4 42. b7 Rxf4+ 43. Kg2 Re4 44. Rd2 Re6 45. Rd3 Re2+ 46. Kf1 Reb2 47. Rxd6+ Ke5 48. Rdd7 Rxh3 49. Re7+ Kf4 50. Rc4+ Kf3 51. Rc3+ Kg4 52. Rxh3 Kxh3 53. Rxf7 Kg4 54. Rc7 f4 55. Rc5 a4 56. Ra5 Kf3 57. Kg1 Rxb7 58. Rxa4 Kg3 59. Ra1 Rb2 60. Ra3+ f3 61. Ra1 Rg2+ 62. Kh1 Rh2+ 63. Kg1 f2+ 0-1

[Event "Ruhrgebiet VL1 0405"]
[Site "Ruhrgebiet"]
[Date "2005.01.09"]
[Round "5.4"]
[White "Kauder, Hartmut"]
[Black "Boehm, Joachim"]
[Result "1-0"]
[WhiteElo "2113"]
[BlackElo "2168"]
[PlyCount "83"]
[EventDate "2004.09.12"]
[EventType "team"]
[EventRounds "9"]
[EventCountry "GER"]
[SourceTitle "EXT 2006"]
[Source "ChessBase"]
[SourceDate "2005.11.24"]
[SourceVersion "1"]
[SourceVersionDate "2005.11.24"]
[SourceQuality "1"]
[WhiteTeam "Hamm 45/58"]
[BlackTeam "Osterfeld"]
[WhiteTeamCountry "GER"]
[BlackTeamCountry "GER"]

1. c4 g6 2. Nc3 Bg7 3. d4 d6 4. e4 Nc6 5. Nge2 e5 6. d5 Nce7 7. f3 f5 8. Be3 Bh6 9. Bxh6 Nxh6 10. Qd2 Nf7 11. g3 c5 12. Bg2 0-0 13. a3 f4 14. b4 cxb4 15. axb4 g5 16. c5 Bd7 17. Na4 Bxa4 18. Rxa4 Qc7 19. Qc3 a5 20. cxd6 Qxd6 21. bxa5 b5 22. Ra2 Rfc8 23. Qb2 Qc5 24. Bh3 Rc7 25. Be6 Ng6 26. Kf1 b4 27. Kg2 g4 28. Bxg4 Nd6 29. Be6+ Kf8 30. Rc1 Nc4 31. Rxc4 Qxc4 32. d6 Qxe6 33. dxc7 b3 34. Ra3 Qc4 35. Rxb3 Qxc7 36. a6 Rd8 37. Rb7 Qc6 38. a7 Nh4+ 39. gxh4 Qg6+ 40. Kf2 Qh5 41. Qb4+ Kg8 42. Qe7 1-0